Lamb & Shirley Ltd v Bliss (VO) (Record no. 68550)
[ view plain ]
| 000 -LEADER | |
|---|---|
| fixed length control field | 00872cam a2200181 4500 |
| 001 - CONTROL NUMBER | |
| control field | X115075 |
| 008 - FIXED-LENGTH DATA ELEMENTS--GENERAL INFORMATION | |
| fixed length control field | 011011n2001 000 0 eng u |
| 035 ## - SYSTEM CONTROL NUMBER | |
| System control number | (Sirsi) u115075 |
| 245 ## - TITLE STATEMENT | |
| Title | Lamb & Shirley Ltd v Bliss (VO) |
| 260 ## - PUBLICATION, DISTRIBUTION, ETC. | |
| Date of publication, distribution, etc. | 2001 |
| 490 ## - SERIES STATEMENT | |
| Series statement | Estates Gazette |
| Volume/sequential designation | [2001] 51 EG 137 (CS) |
| 520 ## - SUMMARY, ETC. | |
| Summary, etc. | CA 5 April 2001. Claimant converting two premises into one - premises shown in non-domestic rating list as two separate units - respondent valuation officer proposing alteration to list - date when alteration becoming effective -interpretation of Non-Domestic Rating (Alteration to Lists and Appeals) Regulations 1993, as amended. |
| 650 ## - SUBJECT ADDED ENTRY--TOPICAL TERM | |
| Topical term or geographic name entry element | LAMB & SHIRLEY LTD V BLISS (VO) |
| 650 ## - SUBJECT ADDED ENTRY--TOPICAL TERM | |
| Topical term or geographic name entry element | NON-DOMESTIC RATING |
| 650 ## - SUBJECT ADDED ENTRY--TOPICAL TERM | |
| Topical term or geographic name entry element | NON-DOMESTIC RATING (ALTERATION OF LISTS AND APPEALS) REGULATIONS 1993 |
| 690 ## - LOCAL SUBJECT ADDED ENTRY--TOPICAL TERM (OCLC, RLIN) | |
| Topical term or geographic name as entry element | RATING AND LOCAL TAXATION-CASE LAW |
| 942 ## - ADDED ENTRY ELEMENTS (KOHA) | |
| Suppress in OPAC | 0 |
| Withdrawn status | Lost status | Source of classification or shelving scheme | Damaged status | Not for loan | Home library | Current library | Shelving location | Date acquired | Total Checkouts | Full call number | Barcode | Date last seen | Copy number | Price effective from | Koha item type |
|---|---|---|---|---|---|---|---|---|---|---|---|---|---|---|---|
| Dewey Decimal Classification | London | London | News article | 11/10/2001 | X115075 | 115075-1001 | 06/08/2019 | 1 | 06/08/2019 | Law report |